000 00800nam a2200229 a 4500
001 BRCA_6567
005 20190320205516.0
008 300911s1968----enk#######---#000-0#eng-#
041 _aeng
044 _aenk
050 4 _aN8560
_b.S38 1968
100 1 _aSavage, George
_d1909-
_916382
245 1 0 _aThe Art and Antique Restorers´ Handbook
_ba Dictionary of Materials and Processes used in the Restoration & Preservation of all Kinds of Works of Art
_cby George Savage.
260 _aRepública de Irlanda
_bBarrie and Rockliff
_c1968
300 _a142 p.
_c23 cm.
500 _aIncluye índice alfabético
500 _aDonación Dra. Elsa Barberena
504 _aBibliografía: p. 133
650 1 4 _aArtículos de arte
_xConservación y restauración
_916383
902 _aDEB
942 _2lcc
_cB
999 _c6251
_d6251